=LDR 00000nam 2200000 4500 =001 INLIS000000000024343 =005 20201019021557 =035 ##$$a 0010-061300000024343 =008 201019################g##########0#ind## =041 ##$$a Ind =082 ##$$a 345.05 =090 ##$$a 345.05, Wah p =100 1#$$a Wahid Abdul =245 1#$$a Menggugat idealisme KUHAP. /$c Abdul Wahid =260 ##$$a Bandung :$b Tarsito,$c 1993 =300 ##$$a 112 hlm, ; $c 14 x 21 cm =650 #4$$a Hukum =850 ##$$a NBPNMAT =084 ##$$a 345.05 WAH m =250 ##$$a cet.1 =990 ##$$a 00050717 =990 ##$$a 0001/BPAP-NTB/2016 =990 ##$$a 00091572 =990 ##$$a 00050717 =990 ##$$a 00050717 =990 ##$$a 00091572 =990 ##$$a 00091572 =990 ##$$a 00050717